zpět

Detail výsledku týmu

KEGzistence, Plzeň

Datum a čas kvízu

31.5 Celkem bodů Celkový počet nahraných bodů na tomto kvízu bez doplňovacích otázek.
4. Pořadí na kvízu Konečné umístění týmu na tomto kvízu.

Zaznamenané odpovědi

# Otázka Odpověď Body Výsledky
1. V Česku je od Nového roku jako... psilocybin 1
2. Ve které zemi byl minulý týden... v Číně 0
3. Jedna televizní stanice ukonči... MTV 1
4. Kořist v hodnotě přibližně 30... v Německu 0
5. V průběhu prosince probíhalo m... Luke Littler 1
6. Mezi nejúspěšnější sourozence... 2008; 2012 0
7. Pouhých 65 setin sekundy od me... Petr; Martin 0.5
8. Opomenout v tomto tématu nesmí... 7,5 km; 6 km 0
9. Nyní bude vaším úkolem napsat,... v akrobatickém lyžování (jízda v boulích) 0
10. Na závěr se podíváme na bratrs... B) Maďarsko 0